La luna severa maestra : il contributo del femminismo ai movimenti sociali e alla costruzione dell'alternativa /

Salvato in:
Dettagli Bibliografici
Autore principale: Cirillo, Lidia, (1940- ) (Autore)
Natura: Libro
Lingua:italiano
Pubblicazione: Milano : Il dito e la luna, 2004
Edizione:1. rist
Serie:Le scelte delle donne
Soggetti:
Tags: Aggiungi Tag
Nessun Tag, puoi essere il primo ad aggiungerne!!

MARC

LEADER 00000nam a22000007i 4500
001 IT\ICCU\CFI\0614172
003 ItRI
005 20260131124414.0
008 050210s2004 it |||||| ||||| |||||c
020 |a 8886633297 
040 |b ita  |c C 
041 7 |a ita  |2 ISO-639-2 
082 |a 305.42  |2 21 
100 1 |a Cirillo, Lidia,  |d  (1940- )  |0 IT\ICCU\RAVV\086913  |4 aut 
245 1 3 |a La luna severa maestra :  |b il contributo del femminismo ai movimenti sociali e alla costruzione dell'alternativa /  |c Lidia Cirillo. 
250 |a 1. rist 
260 |a Milano :  |b Il dito e la luna,  |c 2004 
300 |a 78 p. ;  |c 21 cm. 
650 7 |a Femminismo 
830 3 |a Le scelte delle donne  |0 IT\ICCU\RMG\0017703 
942 |2 ddc  |c BK 
952 |0 0  |1 0  |2 ddc  |4 0  |6 305_420000000000000_CIR_LUN  |7 1  |9 40  |a GE  |b GE  |d 2015-03-08  |l 0  |o 305.42 CIR LUN  |p 2331  |r 2023-11-02 09:13:18  |w 2023-11-02  |y BK 
952 |0 0  |1 0  |4 0  |6 L_305_420000000000000_CIR  |7 0  |9 17946  |a BO  |b BO  |d 2026-01-15  |i 18899  |l 0  |o L 305.42 CIR  |p BO18899  |r 2026-01-15 23:19:49  |w 2026-01-15  |x [Sebina 5] [1 v.]  |y BK  |z 1 v. 
999 |c 662  |d 662